| 000 | 01424nam a2200241Ia 4500 | ||
|---|---|---|---|
| 003 | Ost | ||
| 005 | 20260507075705.0 | ||
| 008 | 260507s9999||||xx |||||||||||||| ||und|| | ||
| 020 | _a9789947600450 | ||
| 040 | _cfsecg | ||
| 041 | _aara | ||
| 082 | _a338.54 | ||
| 100 |
_aالموسوي، ضياء مجيد _eمؤلف |
||
| 245 | 0 |
_aالاقتصاد الجزائري في مواجهة أزمة تهاوي أسعار الطاقة 2014 / _c ضياء مجيد الموسوي |
|
| 260 |
_aالجزائر: _bكنوز الحكمة, _c2014 |
||
| 300 |
_a75 صفحة؛ _bإيضاحات ؛ _c24 سم |
||
| 504 | _aمراجع ص.69 | ||
| 520 | _aيحتوي هذا الكتاب على خمس فصول، علينا بالتنمية قبل كل شىء، أما الفصل الثاني كلمنا عن تراجع أسعار النفط ف 2014، وكذلك انعكاسات تراجعهاعلة حجم التجارة الخارجية للجزائر،بالإضافة إلى السبيل لتحقيق التنمية المستدامة في الجزائر لمواجهة انهيار أسعار البترول.وفي الأخير هل تتحمل الحكومات مسؤولية الفشل في تحقيق التنمية المستدامة في الجزائر؟كلا. | ||
| 653 | _aالأزمات الإقتصادية | ||
| 653 | _aالإقتصاد-الجزائر | ||
| 653 | _aالطاقة البترولية | ||
| 942 | _cكتاب | ||
| 999 |
_c45867 _d45867 |
||